Science Quiz

Random Science or Clickable Quiz
Score 0/17 Timer 05:00
0 Plays Today
% Correct
Only occurs if there is little to no oxygen
78.1%
Only occurs if there is oxygen
77.9%
Location of Krebs cycle
77.6%
Broken down in glycolysis
76.1%
Produced by fermentation
73.1%
Major phase that takes place that breaks down glucose
71.6%
Location of fermentation and glycolysis
71.6%
Is final product of Cellular Respiration
68.6%
By product of Cellular respiration
64.9%
% Correct
Product of glycolysis
64.3%
Food to Energy
63.3%
Creates 4 products from pyruvate
55.8%
Final electron acceptor
51.8%
Major phase that takes place is the cytoplasm
51.4%
Hydrogen goes through this
51.2%
Used to excite electron
44.4%
Needs a membrane
43.7%
Remove Ads.
Support Sporcle.
Get the best of Sporcle when you Go Orange. This ad-free experience offers more features, more stats, and more fun while also helping to support Sporcle. Thank you for becoming a member.

You're not logged in!

Compare scores with friends on all Sporcle quizzes.
OR
Log In

Show Comments

Extras

Created Dec 12, 2014ReportNominate
Tags:Clickable Quiz, respiration

Top Quizzes Today


Score Distribution

Your Account Isn't Verified!

In order to create a playlist on Sporcle, you need to verify the email address you used during registration. Go to your Sporcle Settings to finish the process.

Report this User

Report this user for behavior that violates our Community Guidelines.

Details: